| 000 | 00534nam a22001697a 4500 | ||
|---|---|---|---|
| 003 | OSt | ||
| 005 | 20241104073032.0 | ||
| 008 | 241104b |||||||| |||| 00| 0 eng d | ||
| 040 | _cDLC | ||
| 050 | _a270. 092 V297C | ||
| 082 | _a270. 092 V297C | ||
| 100 |
_aVargis, P. G. _9331 |
||
| 245 |
_aConvictions Shaking India With the Love of Jesus: _bthe testimony of Dr. P. G. Vargis and Dr. Lilly Vargis/ _cby P. G. Vargis and Dr. Lilly Vargis. |
||
| 260 |
_aNew Delhi: _bFaith Publications, _c1995. |
||
| 300 | _a172p. | ||
| 942 |
_2ddc _cBK |
||
| 999 |
_c11220 _d11220 |
||